000
00210nam a2200085Ia 4500
008
220204s9999 xx 000 0 und d
245
0
_a
Rubber technology and manufacture
260
_a
Delhi
_b
SBP
_c
1979
942
_c
BK
999
_c
33691
_d
33691